ALL Connecticut Cities - Statistics

General Stats
  • This quiz has been taken 69 times
  • The average score is 68 of 169
Answer Stats
County Municipality % Correct
H Hartford County Hartford
100%
N New Haven County New Haven
92%
N New London County New London
90%
B Fairfield County Bridgeport
88%
F Fairfield County Fairfield
84%
S Fairfield County Stamford
84%
G Fairfield County Greenwich
78%
L Litchfield County Litchfield
76%
T Tolland County Tolland
76%
W New Haven County Waterbury
76%
D Fairfield County Danbury
73%
N Fairfield County Norwalk
71%
W Hartford County West Hartford
71%
W Windham County Windham
71%
E Hartford County East Hartford
67%
W New Haven County West Haven
67%
E New Haven County East Haven
65%
M Middlesex County Middletown
63%
N Hartford County New Britain
63%
B Hartford County Bristol
61%
N New Haven County North Haven
61%
D Fairfield County Darien
55%
M New Haven County Meriden
55%
N Fairfield County Newtown
55%
E Middlesex County Essex
53%
W New Haven County Wallingford
53%
W Fairfield County Weston
53%
M New Haven County Madison
51%
M Hartford County Manchester
51%
N Fairfield County New Canaan
51%
N New London County Norwich
51%
R Fairfield County Ridgefield
51%
S Fairfield County Stratford
51%
W Fairfield County Westport
51%
W Hartford County Windsor
51%
E Fairfield County Easton
49%
E Hartford County Enfield
49%
G New London County Groton
49%
B Hartford County Berlin
47%
M New Haven County Milford
47%
M Fairfield County Monroe
47%
W Fairfield County Wilton
47%
B New Haven County Branford
45%
N Hartford County Newington
45%
S New London County Stonington
45%
T Fairfield County Trumbull
45%
W Hartford County Windsor Locks
45%
B Fairfield County Brookfield
43%
C New Haven County Cheshire
43%
C Middlesex County Clinton
43%
H New Haven County Hamden
43%
M Tolland County Mansfield
43%
N Litchfield County New Milford
43%
S Fairfield County Shelton
43%
W Litchfield County Washington
43%
A New Haven County Ansonia
41%
A Hartford County Avon
41%
C Middlesex County Chester
41%
K Litchfield County Kent
41%
N Fairfield County New Fairfield
41%
O Middlesex County Old Saybrook
41%
S Fairfield County Sherman
41%
T Litchfield County Torrington
41%
U Tolland County Union
41%
V Tolland County Vernon
41%
W Litchfield County Watertown
41%
O New London County Old Lyme
39%
O New Haven County Orange
39%
S Hartford County Southington
39%
B Fairfield County Bethel
37%
C Litchfield County Canaan
37%
C Windham County Canterbury
37%
C New London County Colchester
37%
C Tolland County Coventry
37%
D New Haven County Derby
37%
F Hartford County Farmington
37%
G Hartford County Glastonbury
37%
G New Haven County Guilford
37%
H Windham County Hampton
37%
N Litchfield County New Hartford
37%
S Litchfield County Salisbury
37%
S New Haven County Seymour
37%
B Hartford County Bloomfield
35%
B Tolland County Bolton
35%
B Hartford County Burlington
35%
E New London County East Lyme
35%
G Hartford County Granby
35%
K Windham County Killingly
35%
L New London County Lyme
35%
N Litchfield County Norfolk
35%
R Fairfield County Redding
35%
S New London County Salem
35%
S Tolland County Stafford
35%
W Litchfield County Warren
35%
W New London County Waterford
35%
C Middlesex County Cromwell
33%
G Litchfield County Goshen
33%
L New London County Lisbon
33%
M New Haven County Middlebury
33%
M Litchfield County Morris
33%
P Windham County Plainfield
33%
P Hartford County Plainville
33%
S Litchfield County Sharon
33%
W Hartford County Wethersfield
33%
A Tolland County Andover
31%
C Hartford County Canton
31%
C Litchfield County Cornwall
31%
E Middlesex County East Haddam
31%
H Middlesex County Haddam
31%
M New London County Montville
31%
N New Haven County Naugatuck
31%
N New Haven County North Branford
31%
N Litchfield County North Canaan
31%
N New London County North Stonington
31%
P Litchfield County Plymouth
31%
P Middlesex County Portland
31%
P New London County Preston
31%
P Windham County Putnam
31%
S Hartford County Simsbury
31%
S Tolland County Somers
31%
W Tolland County Willington
31%
B Litchfield County Bethlehem
29%
C Windham County Chaplin
29%
E Hartford County East Granby
29%
E Hartford County East Windsor
29%
F New London County Franklin
29%
H Litchfield County Harwinton
29%
K Middlesex County Killingworth
29%
L New London County Lebanon
29%
M Hartford County Marlborough
29%
M Middlesex County Middlefield
29%
O New Haven County Oxford
29%
P Windham County Pomfret
29%
R Litchfield County Roxbury
29%
S Windham County Scotland
29%
S New Haven County Southbury
29%
S Hartford County South Windsor
29%
W Middlesex County Westbrook
29%
W Litchfield County Winchester
29%
W New Haven County Woodbridge
29%
W Litchfield County Woodbury
29%
B Litchfield County Barkhamsted
27%
B New Haven County Beacon Falls
27%
B Litchfield County Bridgewater
27%
B Windham County Brooklyn
27%
D Middlesex County Deep River
27%
E Windham County Eastford
27%
E Middlesex County East Hampton
27%
E Tolland County Ellington
27%
G New London County Griswold
27%
H Tolland County Hebron
27%
L New London County Ledyard
27%
S New London County Sprague
27%
S Windham County Sterling
27%
S Hartford County Suffield
27%
T Litchfield County Thomaston
27%
T Windham County Thompson
27%
V New London County Voluntown
27%
A Windham County Ashford
24%
C Litchfield County Colebrook
24%
D Middlesex County Durham
24%
H Hartford County Hartland
24%
R Hartford County Rocky Hill
24%
W New Haven County Wolcott
24%
B New Haven County Bethany
22%
B New London County Bozrah
22%
W Windham County Woodstock
22%
P New Haven County Prospect
20%
C Tolland County Columbia
18%
No matching quizzes found
Score Distribution
Percent of People with Each Score
Percentile by Number Answered
Your Score History
You have not taken this quiz